00909 2200181 4500245003400000020001800034250001200052100002000064700002700084650001700111005001900128260005000147041001400197084001100211300002300222500047300245336000900718 aAlmondcWon-Pyung, SohnhText a9786020519807 aCet. 12 aWon-Pyung, Sohn aSuci Anggunisa Pertiwi aNovel Remaja a20240112110458 aJakartabGramedia Widiasarana Indonesiac2023 aIndonesia a808.83 a222 hlm. :c21 cm. aAlmond adalah novel yang memberi harapan kepada orang seperti saya yang percaya bahwa hati dapat mengendalikan kepala. Di akhir musim dingin yang panjang, tibalah musim semi. Di musim semi, saat tanaman tumbuh, emosi pun tumbuh. Jika emosi tumbuh, maka dunia pun ikut tumbuh. Selama membaca tulisan ini, hatiku selalu berdebar-debar. Di musim semi yang akan datang, tulisan in akan menjadi sebuah petasan indah yang akan meledakkan seluruh emosi. - Novelis Gong Seonok atext